000 00553nam a2200217Ia 4500
003 OSt
005 20221005121706.0
006 a|||||r|||| 00| 0
007 ta
008 221004b |||||||| |||| 00| 0 eng d
024 _a57528
037 _cTextual
040 _aCRL
_cCRL
_beng
041 _2eng
_aeng
082 _aU:262510(L:5)k, D3
245 0 _aHughli medical gazetteer
_b 1903. Comp.by D.G.Crawford.
260 _c1903
650 _aGEOGRAPHY
942 _hU:262510(L:5)k, D3
_cTEXL
_2cc
999 _c1041961
_d1041961